Score 0/20 Timer 10:00
0 Plays Today
Hint Answer % Correct
Ladybird beetlesCoccinellidae
92.3%
FirefliesLampyridae
92.3%
Ground beetlesCarabidae
89.7%
Click beetlesElateridae
89.7%
Longhorned beetlesCerambycidae
82.1%
Solider beetlesCantharidae
79.5%
Scarab beetlesScarabidae
76.9%
Carpet beetlesDermestidae
74.4%
Metallic wood boring beetlesBuprestidae
74.4%
Snout and bark beetlesCurculionidae
71.8%
Hint Answer % Correct
Rove beetlesStaphylinidae
71.8%
Leaf beetlesChrysomelidae
69.2%
Blister beetlesMeloidae
69.2%
Darkling beetlesTenebrionidae
69.2%
Carrion beetlesSilphidae
69.2%
Whirlygig beetlesGyrinidae
69.2%
Predaceous diving beetlesDytiscidae
66.7%
Sap feeding beetlesNitidulidae
48.7%
Clown beetlesHisteridae
33.3%
Flat bark beetlesCucujidae
30.8%
Remove Ads.
Support Sporcle.
Get the best of Sporcle when you Go Orange. This ad-free experience offers more features, more stats, and more fun while also helping to support Sporcle. Thank you for becoming a member.

You're not logged in!

Compare scores with friends on all Sporcle quizzes.
OR
Log In

Show Comments

Extras

Top Quizzes Today


Score Distribution

Your Account Isn't Verified!

In order to create a playlist on Sporcle, you need to verify the email address you used during registration. Go to your Sporcle Settings to finish the process.

Report this User

Report this user for behavior that violates our Community Guidelines.

Details: